Marine geophysical surveys (Record no. 88545)

MARC details
000 -LEADER
fixed length control field 00621cam a2200217 4500
001 - CONTROL NUMBER
control field D15665
008 - FIXED-LENGTH DATA ELEMENTS--GENERAL INFORMATION
fixed length control field 090401t1978 xxu||||| |||| 00| 0 eng d
035 ## - SYSTEM CONTROL NUMBER
System control number (Sirsi) u24438
041 ## - LANGUAGE CODE
Language code of text/sound track or separate title eng
050 ## - LIBRARY OF CONGRESS CALL NUMBER
Classification number 526.99
100 ## - MAIN ENTRY--PERSONAL NAME
Personal name Simpson, P.
245 ## - TITLE STATEMENT
Title Marine geophysical surveys
260 ## - PUBLICATION, DISTRIBUTION, ETC.
Name of publisher, distributor, etc. RICS
Date of publication, distribution, etc. 1978
300 ## - PHYSICAL DESCRIPTION
Extent 16p. 9. 31cm. table. diagrs
350 ## - PRICE (NR) (BK AM CF MU VM SE) [OBSOLETE]
Price 0
520 ## - SUMMARY, ETC.
Summary, etc. Filed in Box 1978/60A; Paper given to a general meeting of the Land Surveyor Division, Dec 1978
710 ## - ADDED ENTRY--CORPORATE NAME
Corporate name or jurisdiction name as entry element Royal Institution of Chartered Surveyors
9 (RLIN) 4900
710 ## - ADDED ENTRY--CORPORATE NAME
Corporate name or jurisdiction name as entry element Land Surveyors Division
942 ## - ADDED ENTRY ELEMENTS (KOHA)
Suppress in OPAC 0
948 ## - LOCAL PROCESSING INFORMATION (OCLC); SERIES PART DESIGNATOR (RLIN)
c (OCLC) 04/03/1997
Holdings
Withdrawn status Lost status Source of classification or shelving scheme Damaged status Not for loan Home library Current library Shelving location Date acquired Total Checkouts Full call number Barcode Date last seen Copy number Price effective from Koha item type
    Other/Generic Classification Scheme     London London RICS Boxes 09/01/1992   RICS 1978/60 30026162 06/08/2019 1 06/08/2019 Reference material